Normal view
MARC view
Entry Topical Term
001 - CONTROL NUMBER
- control field: 41470
003 - CONTROL NUMBER IDENTIFIER
- control field: ARRUPE
005 - DATE AND TIME OF LATEST TRANSACTION
- control field: 20180412093348.0
008 - FIXED-LENGTH DATA ELEMENTS
- fixed length control field: 180412|| aca||aabn | a|a d
040 ## - CATALOGING SOURCE
- Original cataloging agency: ARRUPE
- Transcribing agency: ARRUPE
150 ## - HEADING--TOPICAL TERM
- Topical term or geographic name as entry element: Sculpture, Bandundu (Congo, Democratic republic)
670 ## - SOURCE DATA FOUND
- Source citation: Work cat.: (ARRUPE)0: Hochegger, Hermann. 38498, Sculptures nouvelles de Bandundu, Rép. du Zaïre /, c1980.